A RETARGETABLE C COMPILER (Record no. 216689)

MARC details
000 -LEADER
fixed length control field 00536nam a22001697a 4500
008 - FIXED-LENGTH DATA ELEMENTS--GENERAL INFORMATION
fixed length control field 260226b |||||||| |||| 00| 0 eng d
020 ## - INTERNATIONAL STANDARD BOOK NUMBER
International Standard Book Number 0-8053-1670-1
100 ## - MAIN ENTRY--PERSONAL NAME
Personal name FRASER, CHRISTOPHER W.
245 ## - TITLE STATEMENT
Title A RETARGETABLE C COMPILER
Remainder of title DESIGN AND IMPLEMENTATION
260 ## - PUBLICATION, DISTRIBUTION, ETC.
Place of publication, distribution, etc. NEWYORK
Name of publisher, distributor, etc. THE BENJAMIN/ CUMMINGS COMPANY
Date of publication, distribution, etc. 1995
300 ## - PHYSICAL DESCRIPTION
Extent XV, 562P.
500 ## - GENERAL NOTE
General note INCLUDES INDEX
650 ## - SUBJECT ADDED ENTRY
Topical term or geographic name entry element 1. C (COMPUTER PROGRAM LANGUAGE) 2. COMPILERS (COMPUTER PROGRAMS)
700 ## - ADDED ENTRY--PERSONAL NAME
Personal name HANSON, DAVIDD R.
942 ## - ADDED ENTRY ELEMENTS (KOHA)
Source of classification or shelving scheme Library of Congress Classification
Koha item type Long Loan Book
Holdings
Withdrawn status Lost status Source of classification or shelving scheme Damaged status Not for loan Collection Home library Current library Shelving location Date acquired Inventory number Total checkouts Full call number Date last seen Copy number Price effective from Koha item type Barcode
    Library of Congress Classification     Science & Technology Kisii University Library Kisii University Library Fiction 02/26/2026 111776   QA 76.73 .C15F75 1995 02/26/2026 1 02/26/2026 Long Loan Book  
    Library of Congress Classification     Science & Technology Kisii University Library Kisii University Library Fiction 02/26/2026 111777   QA 76.73 .C15F75 1995 02/26/2026 2 02/26/2026 Long Loan Book A000818
    Library of Congress Classification     Science & Technology Kisii University Library Kisii University Library Fiction 02/26/2026 111778   QA 76.73 .C15F75 1995 02/26/2026 3 02/26/2026 Long Loan Book A000817
    Library of Congress Classification     Science & Technology Kisii University Library Kisii University Library Fiction 02/26/2026 111779   QA 76.73 .C15F75 1995 02/26/2026 4 02/26/2026 Long Loan Book A000815
    Library of Congress Classification     Science & Technology Kisii University Library Kisii University Library Fiction 02/26/2026 111780   QA 76.73 .C15F75 1995 02/26/2026 5 02/26/2026 Long Loan Book A000820